<?xml version="1.0" encoding="UTF-8"?>
<record
    xmlns:xsi="http://www.w3.org/2001/XMLSchema-instance"
    xsi:schemaLocation="http://www.loc.gov/MARC21/slim http://www.loc.gov/standards/marcxml/schema/MARC21slim.xsd"
    xmlns="http://www.loc.gov/MARC21/slim">

  <leader>03058nam a2200301 a 4500</leader>
  <controlfield tag="003">OSt</controlfield>
  <controlfield tag="005">20240905104928.0</controlfield>
  <controlfield tag="007">cr ||||||a|c|a</controlfield>
  <controlfield tag="008">230517s2019    mx a|||fom||| 001 0 sp  d</controlfield>
  <datafield tag="040" ind1=" " ind2=" ">
    <subfield code="e">rda</subfield>
  </datafield>
  <datafield tag="100" ind1="1" ind2=" ">
    <subfield code="9">187059</subfield>
    <subfield code="a">Escobedo Barajas, Julieta</subfield>
  </datafield>
  <datafield tag="245" ind1="1" ind2="3">
    <subfield code="a">La experiencia de la casa de la mujer ind&#xED;gena Juchari Kumanchikua de P&#xE1;tzcuaro, Michoac&#xE1;n :</subfield>
    <subfield code="b">una pol&#xED;tica p&#xFA;blica de desarrollo /</subfield>
    <subfield code="c">Julieta Escobedo Barajas; director de tesis Miriam Aid&#xE9; N&#xFA;&#xF1;ez Vera</subfield>
  </datafield>
  <datafield tag="264" ind1=" " ind2="1">
    <subfield code="a">Chapingo, M&#xE9;xico :</subfield>
    <subfield code="b">El autor,</subfield>
    <subfield code="c">2019.</subfield>
  </datafield>
  <datafield tag="300" ind1=" " ind2=" ">
    <subfield code="a">1 recurso en l&#xED;nea (206 p&#xE1;ginas):</subfield>
    <subfield code="b">mapas, graficas.</subfield>
  </datafield>
  <datafield tag="336" ind1=" " ind2=" ">
    <subfield code="2">rdacontent</subfield>
    <subfield code="a">texto</subfield>
    <subfield code="b">txt</subfield>
  </datafield>
  <datafield tag="337" ind1=" " ind2=" ">
    <subfield code="2">rdamedia</subfield>
    <subfield code="a">computadora</subfield>
    <subfield code="b">c</subfield>
  </datafield>
  <datafield tag="338" ind1=" " ind2=" ">
    <subfield code="2">rdacarrier</subfield>
    <subfield code="a">recurso en l&#xED;nea</subfield>
    <subfield code="b">cr</subfield>
  </datafield>
  <datafield tag="502" ind1=" " ind2=" ">
    <subfield code="b">MCDRR</subfield>
    <subfield code="c">Centros Regionales</subfield>
    <subfield code="d">2019</subfield>
    <subfield code="g">MAE</subfield>
  </datafield>
  <datafield tag="504" ind1=" " ind2=" ">
    <subfield code="a">Incluye referencias bibliogr&#xE1;ficas: p&#xE1;ginas 139-146.</subfield>
  </datafield>
  <datafield tag="520" ind1=" " ind2=" ">
    <subfield code="a">Para determinar si existen aportes o limitantes en la aplicaci&#xF3;n de pol&#xED;ticas p&#xFA;blicas con perspectiva de g&#xE9;nero y derechos humanos en M&#xE9;xico, el Estado requiere impulsar espec&#xED;ficamente para las mujeres propuestas emergentes de desarrollo. El inter&#xE9;s de la presente investigaci&#xF3;n fue generar una evaluaci&#xF3;n de la eficacia y eficiencia que proyecte los alcances e impactos de la pol&#xED;tica p&#xFA;blica de la experiencia de la Casa de la Mujer Ind&#xED;gena de P&#xE1;tzcuaro, Michoac&#xE1;n, con indicadores en planeaci&#xF3;n, seguimiento y asignaci&#xF3;n presupuestal que identificaron las integrantes, usuarias e informantes clave. A trav&#xE9;s de una metodolog&#xED;a de verificaci&#xF3;n de programas sociales, el estudio es de car&#xE1;cter cualitativo y cuantitativo, basado en un an&#xE1;lisis de cuestionarios, encuestas y entrevistas semiestructuradas; adem&#xE1;s del trabajo con un grupo focal y la revisi&#xF3;n de archivos documentales en el periodo de 2008 a 2018 como parte del proyecto. Se muestra que a trav&#xE9;s de evaluaciones constantes han logrado continuidad contribuyendo de manera directa al desarrollo de la regi&#xF3;n a trav&#xE9;s de las mujeres. La crisis actual del desarrollo por ser visto como propuesta meramente mercantil convoca a la actuaci&#xF3;n de la poblaci&#xF3;n afectada en la actualidad. Si bien es importante el tema de la econom&#xED;a en t&#xE9;rminos monetarios, el deterioro de la calidad de vida hace temer por un futuro donde se viva una regresi&#xF3;n social alarmante. Ante esta situaci&#xF3;n, el equipo impulsor del modelo de atenci&#xF3;n requiere plantear alternativas fundamentadas te&#xF3;ricamente y que se apoyen en el an&#xE1;lisis de los &#xE9;xitos y fracasos, por lo que se esboza una propuesta de protocolo en el que participaron tambi&#xE9;n las mujeres atendidas.</subfield>
  </datafield>
  <datafield tag="650" ind1=" " ind2="4">
    <subfield code="9">170121</subfield>
    <subfield code="a">Desarrollo rural </subfield>
    <subfield code="x"> Michoac&#xE1;n </subfield>
  </datafield>
  <datafield tag="650" ind1=" " ind2="4">
    <subfield code="9">149838</subfield>
    <subfield code="a">Derechos humanos</subfield>
    <subfield code="x">Ind&#xED;genas  </subfield>
  </datafield>
  <datafield tag="650" ind1=" " ind2="4">
    <subfield code="9">144452</subfield>
    <subfield code="a">Mujeres</subfield>
    <subfield code="x">Aspectos sociales</subfield>
    <subfield code="x">Michoac&#xE1;n</subfield>
  </datafield>
  <datafield tag="650" ind1=" " ind2="4">
    <subfield code="9">131908</subfield>
    <subfield code="a">Mujeres</subfield>
    <subfield code="x">Desarrollo econ&#xF3;mico</subfield>
  </datafield>
  <datafield tag="700" ind1="1" ind2=" ">
    <subfield code="9">81982</subfield>
    <subfield code="a">N&#xFA;&#xF1;ez Vera, Miriam Aid&#xE9;</subfield>
    <subfield code="e">Director de tesis.</subfield>
  </datafield>
  <datafield tag="856" ind1=" " ind2=" ">
    <subfield code="u">http://10.13.5.2/tesis/tm/Escobedo_Barajas_Julieta.pdf</subfield>
    <subfield code="z">DESCARGAR PDF</subfield>
  </datafield>
  <datafield tag="942" ind1=" " ind2=" ">
    <subfield code="2">Clasificaci&#xF3;n Universidad Aut&#xF3;noma Chapingo</subfield>
    <subfield code="c">TD</subfield>
  </datafield>
  <datafield tag="999" ind1=" " ind2=" ">
    <subfield code="c">218770</subfield>
    <subfield code="d">218770</subfield>
  </datafield>
  <datafield tag="952" ind1=" " ind2=" ">
    <subfield code="0">0</subfield>
    <subfield code="1">0</subfield>
    <subfield code="2">local</subfield>
    <subfield code="4">0</subfield>
    <subfield code="5">1</subfield>
    <subfield code="7">0</subfield>
    <subfield code="8">TesDigM</subfield>
    <subfield code="a">BD</subfield>
    <subfield code="b">BD</subfield>
    <subfield code="c">E_L</subfield>
    <subfield code="d">2023-05-17</subfield>
    <subfield code="l">0</subfield>
    <subfield code="o">Tesis digital</subfield>
    <subfield code="r">2023-05-17 00:00:00</subfield>
    <subfield code="w">2023-05-17</subfield>
    <subfield code="y">TD</subfield>
  </datafield>
</record>
